駅名に「パーク」が含まれる日本の鉄道駅 - Statistics

General Stats
  • This quiz has been taken 120 times
  • The average score is 3 of 9
Answer Stats
都道府県 Answer % Correct
栃木県 あしかがフラワーパーク
69%
千葉県 流山セントラルパーク
49%
東京都 南町田グランベリーパーク
40%
大阪府 大阪ビジネスパーク
29%
島根県 松江フォーゲルパーク
25%
兵庫県 マリンパーク
21%
島根県 出雲科学館パークタウン前
21%
静岡県 フルーツパーク
19%
富山県 オークスカナルパークホテル富山前
16%
No matching quizzes found
Score Distribution
Percent of People with Each Score
Percentile by Number Answered
Your Score History
You have not taken this quiz